| 000 | 00598nam a2200205Ia 4500 | ||
|---|---|---|---|
| 008 | 150520s9999 xx 000 0 und d | ||
| 050 | _aHD 57.7 | ||
| 050 | _b.P474 2015 | ||
| 100 | _aPerez, Angelique Marie B. | ||
| 245 | _aPreferred factors leadership skills utilized by the organization / | ||
| 245 | _cAngelique Marie B. Perez . | ||
| 260 | _aLas PiƱas, Philippines : | ||
| 260 | _bSISC, | ||
| 260 | _c2015. | ||
| 300 | _a140 pages : | ||
| 300 | _billustrations ; | ||
| 300 | _c28 cm. | ||
| 500 | _aIncludes bibliographical references and appendices. | ||
| 650 | _aLeadership | ||
| 999 |
_c284047 _d284047 |
||